Filozofia

Guardado en:
Detalles Bibliográficos
Formato: Seriadas
Lenguaje:eslovaco
Publicado: Bratislava INFOPRESS 2001
Materias:
Etiquetas: Agregar Etiqueta
Sin Etiquetas, Sea el primero en etiquetar este registro!

MARC

LEADER 00000nas2a22000001 4500
001 0006648
005 20230925104038.8
022 |a 0046-385X 
041 0 |a slo 
044 |a SK 
245 1 0 |a Filozofia 
264 1 |a Bratislava  |b INFOPRESS  |c 2001 
300 |a 2 zv. 
773 0 |w eu_un_cat*s120050 
610 2 0 |a filozofia